Statistiques concernant Départements les plus riches de France

Cliquez ici pour prendre le quiz!

Statistiques générales

  • Ce quiz a été pris 403 fois
  • Le résultat moyen est 8 sur 10

Statistiques - réponses

RégionRevenus moyens par foyer (en €)Départements% Correct
Île-de-France40 074Paris
98%
Auvergne-Rhône-Alpes28 233Rhône
91%
Île-de-France37 740Yvelines
91%
Île-de-France28 285Seine-et-Marne
84%
Île-de-France29 192Val-de-Marne
84%
Grand Est28 385Haut-Rhin
83%
Île-de-France39 596Hauts-de-Seine
81%
Auvergne-Rhône-Alpes33 468Haute-Savoie
78%
Île-de-France30 303Essonne
77%
Auvergne-Rhône-Alpes28 977Ain
65%

Distribution des résultats

Percentile par nombre de réponses

% des personnes avec chaque résultat

Votre développement - résultats

Vous n’avez pas pris ce quiz